000
00216 a2200097 4500
001
46128
100
_a
Mclaughlin C
245
_a
Space age dictionary
260
_a
London
_b
D Van Nostrand
_c
090
_c
29230
_d
29230
942
_a
NUST-CAE
_c
M
_c
21370
999
_c
281201
_d
281201